<?xml version="1.0" encoding="UTF-8"?>
<record
    xmlns:xsi="http://www.w3.org/2001/XMLSchema-instance"
    xsi:schemaLocation="http://www.loc.gov/MARC21/slim http://www.loc.gov/standards/marcxml/schema/MARC21slim.xsd"
    xmlns="http://www.loc.gov/MARC21/slim">

  <leader>04074nam a22003977a 4500</leader>
  <controlfield tag="001">BRCA_8536</controlfield>
  <controlfield tag="002">U-103</controlfield>
  <controlfield tag="003">FranzMayer</controlfield>
  <controlfield tag="005">20260507134635.0</controlfield>
  <controlfield tag="006">a||||fr|||| 001 0</controlfield>
  <controlfield tag="007">ta</controlfield>
  <controlfield tag="008">250923s1647    enka|||frf||| 001 0 eng d</controlfield>
  <datafield tag="040" ind1=" " ind2=" ">
    <subfield code="a">BMFM</subfield>
    <subfield code="b">spa</subfield>
  </datafield>
  <datafield tag="041" ind1="0" ind2=" ">
    <subfield code="a">eng</subfield>
  </datafield>
  <datafield tag="050" ind1=" " ind2="4">
    <subfield code="a">QB26 </subfield>
    <subfield code="b">.L55 1647</subfield>
  </datafield>
  <datafield tag="100" ind1="1" ind2=" ">
    <subfield code="a">William, Lilly,</subfield>
    <subfield code="d">(1602-1681)</subfield>
    <subfield code="9">30051</subfield>
  </datafield>
  <datafield tag="245" ind1="1" ind2="0">
    <subfield code="a">Christian astrology modestly treated of in three books /</subfield>
    <subfield code="c">William Lilly </subfield>
  </datafield>
  <datafield tag="246" ind1="1" ind2="3">
    <subfield code="a">Astrolog&#xED;a cristiana modestamente tratada en tres libros</subfield>
  </datafield>
  <datafield tag="260" ind1=" " ind2=" ">
    <subfield code="a">Londres, Inglaterra :</subfield>
    <subfield code="b">Tho. Brudenell,</subfield>
    <subfield code="c">1647</subfield>
  </datafield>
  <datafield tag="300" ind1=" " ind2=" ">
    <subfield code="a">832 p&#xE1;ginas :</subfield>
    <subfield code="b">Ilustraciones y gr&#xE1;ficos ;</subfield>
    <subfield code="c">19.2 x 15 x 6 cm</subfield>
  </datafield>
  <datafield tag="520" ind1="3" ind2=" ">
    <subfield code="a">Primera edici&#xF3;n de uno de los tratados de astrolog&#xED;a m&#xE1;s influyentes en el idioma ingl&#xE9;s.  Ha sido considerado uno de los m&#xE1;s relevantes en el estudio de la astrolog&#xED;a durante la Edad Media.</subfield>
    <subfield code="b">Se divide en tres partes. La primera introduce los conceptos b&#xE1;sicos de astrolog&#xED;a (los planetas, los signos zodiacales y las casas astrol&#xF3;gicas). La segunda est&#xE1; dedicada a la interpretaci&#xF3;n de las cartas astrales. Finalmente, en la &#xFA;ltima parte se abordan las aplicaciones pr&#xE1;cticas de la astrolog&#xED;a, incluyendo su uso para predecir eventos futuros.</subfield>
  </datafield>
  <datafield tag="563" ind1=" " ind2=" ">
    <subfield code="a">Otras referencias f&#xED;sicas: Media encuadernaci&#xF3;n con puntas en piel y tela. El papel del cuerpo del libro es de pulpa de trapo, hecho a mano, con marcas de verjurado y marcas de agua. El cuerpo del libro est&#xE1; formado por cuadernillos unidos mediante costura alternada sobre tres soportes de costura sencillos y ocultos, de cordel. Lomera redondeada con endoses de papel en los cuatro paneles. Cabezadas industriales adheridas (posteriores). Soportes de las tapas de cart&#xF3;n. Decoraciones con dorado en tapas y lomo. Texto impreso. Anotaciones en tinta ferrog&#xE1;lica</subfield>
  </datafield>
  <datafield tag="591" ind1=" " ind2=" ">
    <subfield code="a">Estado de Conservaci&#xF3;n: Bueno</subfield>
  </datafield>
  <datafield tag="591" ind1=" " ind2=" ">
    <subfield code="b">Descripci&#xF3;n de conservaci&#xF3;n: Libro con intervenciones: hojas de guarda intervenidas, reencuadernado con restos de la encuadernaci&#xF3;n anterior en el lomo, hojas reforzadas y cabezadas repuestas. Presenta manchas y suciedad leve, especialmente en las primeras y &#xFA;ltimas p&#xE1;ginas</subfield>
  </datafield>
  <datafield tag="592" ind1=" " ind2=" ">
    <subfield code="a">Marcas Adicionales: Resto del t&#xED;tulo e informaci&#xF3;n en portada: &lt;&lt;The first containing the use of an ephemeris, the erecting of a scheam of heaven; nature of the twelve sings of the zodiack, of the planets; with a most easie introduction to the whole art of astrology. The second, by a most methodicall way, Instructeth the student how to judge or resolve all manner of questions contingent unto man, viz, of health, sicknesse, riches, marriage, preferment, journies &amp;c. severall questions inserted and judged. The third, containes an exact method, where by to judge upon nativities; severall wayes how to rectisie them; how to judge the generall fate of the native by the twelve houses of haven, according to the naturall influence of the stars; how his particular and annuall accidents, by the art of direction, and its exact measure of time by profections, revolutions, tranfies. A nativity judged by the method preceding&gt;&gt;. Exlibris de Franz Mayer. Notas manuscritas en la p&#xE1;gina anterior a la portada,  incluyendo las iniciales: J. S. G. Notas manuscritas en los m&#xE1;rgenes de las p&#xE1;ginas: 31, 47-48, 53-55, 68-69, 71-72, 88, 93, 99, 110, 130, 143-142, 177, 196, 218, 305, 330, 375, 443, 482, 485, 493-494, 503, 520, 531, 537, 563, 755, 633, 637, 663, 816, 852. &#xDA;ltimas p&#xE1;ginas con notas manuscritas y gr&#xE1;ficos. Incluye cat&#xE1;logo de autores de astrolog&#xED;a y tabla alfab&#xE9;tica de erratas</subfield>
  </datafield>
  <datafield tag="593" ind1=" " ind2=" ">
    <subfield code="a">Tratados, compendios y manuales</subfield>
  </datafield>
  <datafield tag="650" ind1="1" ind2="0">
    <subfield code="a">Astrology</subfield>
    <subfield code="y">Early works to 1800</subfield>
    <subfield code="9">30052</subfield>
  </datafield>
  <datafield tag="650" ind1="1" ind2="0">
    <subfield code="a">Occultism</subfield>
    <subfield code="9">27787</subfield>
  </datafield>
  <datafield tag="650" ind1="1" ind2="0">
    <subfield code="a">Horoscope</subfield>
    <subfield code="9">30053</subfield>
  </datafield>
  <datafield tag="700" ind1="1" ind2=" ">
    <subfield code="a">Partridge, John</subfield>
    <subfield code="e">editor</subfield>
    <subfield code="9">30054</subfield>
  </datafield>
  <datafield tag="700" ind1="1" ind2=" ">
    <subfield code="a">Blunden, Humph</subfield>
    <subfield code="e">editor</subfield>
    <subfield code="9">30055</subfield>
  </datafield>
  <datafield tag="856" ind1="4" ind2="1">
    <subfield code="q">TIF//PDF</subfield>
    <subfield code="u">https://bibliotecadigital.franzmayer.org.mx/items/e5ec5c08-a550-4f9d-abb4-cdfa4594de0b</subfield>
    <subfield code="y">Biblioteca Digital Franz Mayer</subfield>
  </datafield>
  <datafield tag="902" ind1=" " ind2=" ">
    <subfield code="a">KH</subfield>
    <subfield code="a">TV</subfield>
    <subfield code="a">FM</subfield>
  </datafield>
  <datafield tag="942" ind1=" " ind2=" ">
    <subfield code="2">lcc</subfield>
    <subfield code="c">B</subfield>
  </datafield>
  <datafield tag="960" ind1=" " ind2=" ">
    <subfield code="a">CS-L2-N1</subfield>
  </datafield>
  <datafield tag="999" ind1=" " ind2=" ">
    <subfield code="c">11091</subfield>
    <subfield code="d">11091</subfield>
  </datafield>
  <datafield tag="952" ind1=" " ind2=" ">
    <subfield code="a">BRCA</subfield>
    <subfield code="b">BRCA</subfield>
    <subfield code="f">CS-L2-N1</subfield>
    <subfield code="i">U-103</subfield>
    <subfield code="l">0</subfield>
    <subfield code="o">QB26  .L55 1647  (U-103)</subfield>
    <subfield code="p">LAR00041</subfield>
    <subfield code="r">2025-09-24 13:21:00</subfield>
    <subfield code="y">B</subfield>
    <subfield code="0">0</subfield>
    <subfield code="1">0</subfield>
    <subfield code="2">lcc</subfield>
    <subfield code="5">2</subfield>
    <subfield code="7">0</subfield>
    <subfield code="8">LAR</subfield>
  </datafield>
</record>
